Advances in Information Technology /
Salvato in:
| Ente Autore: | |
|---|---|
| Altri autori: | |
| Natura: | Atti del Convegno Libro |
| Lingua: | inglese |
| Pubblicazione: |
Heidelberg, Alemania :
Springer,
2013, c2013
|
| Serie: | (Communications in Computer and Information Science ;
409) |
| Soggetti: | |
| Accesso online: | Ver documento en línea |
| Tags: |
Nessun Tag, puoi essere il primo ad aggiungerne!!
|
MARC
| LEADER | 00000nam^a2200000^a^4500 | ||
|---|---|---|---|
| 001 | 000430591 | ||
| 005 | 20260323182816.0 | ||
| 009 | 20260407173350.084 | ||
| 020 | |a 978-3-319-03783-7 | ||
| 037 | |a Acervo ITESO - Biblioteca | ||
| 041 | |a ING | ||
| 082 | |a 302. 23701 |b ADV 2013 | ||
| 111 | |a International Conference Advances in Information Technology / |n 6o : |d 2013 : |c Bangkok, Tailandia) | ||
| 245 | 1 | 0 | |a Advances in Information Technology / |c Ed. de B. Papasratorn... [et al.]. |
| 264 | 4 | |a Heidelberg, Alemania : |b Springer, |c 2013, c2013 | |
| 264 | 2 | |a Cham, Suiza : |b Springer Link [distribución], |c 2013, c2013 | |
| 300 | |a 1 libro electrónico en línea (XI, 266 p.) | ||
| 300 | |a 1 recurso en línea | ||
| 336 | |a datos para computadora |b cod |2 rdacontenido | ||
| 337 | |a computadora |b c |2 rdamedio | ||
| 338 | |a recurso en línea |b cr |2 rdasoporte | ||
| 440 | 1 | |a (Communications in Computer and Information Science ; |v 409) | |
| 506 | 0 | |a Licencias ilimitadas | |
| 649 | |a XX | ||
| 650 | |a Apertura Comercial e Integración Económica | ||
| 650 | |a Redes Sociales (Internet) | ||
| 650 | |a Información - |x Administración | ||
| 650 | |a Internet - |x Función Organizacional | ||
| 650 | |a Tecnologías de Comunicación e Información - |x Teoría | ||
| 650 | |a Tecnologías de Comunicación e Información - |x Aspectos Económicos | ||
| 650 | |a Tecnologías de Comunicación e Información - |x Congresos - |x Tema Principal | ||
| 650 | |a Desarrollo Tecnológico | ||
| 650 | |a Comunicación | ||
| 700 | |a Papasratorn, Borworn |e (edición) | ||
| 856 | 4 | 0 | |u https://link-springer-com.ezproxy.iteso.mx/10.1007/978-3-319-03783-7 |y Ver documento en línea |
| 910 | |a Fondo General | ||
| 920 | |a Electrónicos - Libros en Línea | ||
| 930 | |a Plataforma Digital | ||
| 905 | |a 205 | ||
| 901 | |a 430591-1 |b IT2 |c EBO |i C172346 |u 20250521 | ||
| 902 | |a https://opac.biblio.iteso.mx/vufind/Record/000430591 | ||